Csak a termelésben első A szegedi gyáregység mostoha helyzete /

Elmentve itt :
Bibliográfiai részletek
Szerző: Matkó István
Dokumentumtípus: Cikk
Megjelent: 1973-10-02
Sorozat:Délmagyarország 63 No. 230
Kulcsszavak:Kábelgyár
Online Access:http://dmarchiv.bibl.u-szeged.hu/107106
LEADER 00487nab a2200157 i 4500
001 delm107106
005 20190329094839.0
008 190329s1973 hu o 0|| hun d
040 |a SZTE Délmagyarország Archívum  |b hun 
041 |a hun 
100 1 |a Matkó István 
245 1 0 |a Csak a termelésben első   |h [elektronikus dokumentum] :  |b A szegedi gyáregység mostoha helyzete /  |c  Matkó István 
260 |c 1973-10-02 
300 |a 1 
490 0 |a Délmagyarország  |v 63 No. 230 
695 |a Kábelgyár